Loading...
| Ancient History and Archaeology | 4 | 15.00 | 100% | 75% | 100% |
| Beliefs | 12 | 15.83 | 308% | 75% | 67% |
| British and Commonwealth History | 2 | 20.00 | 200% | 200% | 100% |
| Current Events | 1 | 10.00 | 400% | 0% | 0% |
| Fine Arts - Auditory | 7 | 12.86 | 171% | 57% | 100% |
| Fine Arts - Visual | 6 | 15.00 | 133% | 100% | 133% |
| Geography | 2 | 20.00 | 200% | 200% | 100% |
| History - American | 8 | 16.25 | 150% | 138% | 88% |
| History - European | 5 | 16.00 | 260% | 60% | 80% |
| History - World | 6 | 10.00 | 217% | 67% | 0% |
| Literature - American | 7 | 15.71 | 143% | 129% | 57% |
| Literature - British | 8 | 15.00 | 200% | 100% | 100% |
| Literature - European | 6 | 13.33 | 133% | 67% | 117% |
| Other Academic | 3 | 13.33 | 0% | 133% | 133% |
| Other Arts: Auditory | 1 | 20.00 | 400% | 200% | 0% |
| Other Arts: Visual | 2 | 15.00 | 400% | 0% | 100% |
| Other Science: Astronomy | 2 | 15.00 | 50% | 100% | 50% |
| Other Science: Computer Science | 1 | 20.00 | 100% | 0% | 100% |
| Other Science: Earth Science | 2 | 10.00 | 200% | 100% | 0% |
| Philosophy | 6 | 20.00 | 200% | 133% | 167% |
| Science - Biology | 3 | 13.33 | 33% | 33% | 133% |
| Science - Chemistry | 8 | 16.25 | 150% | 100% | 138% |
| Science - Physics | 6 | 18.33 | 133% | 117% | 150% |
| Social Science | 6 | 18.33 | 150% | 150% | 83% |
| World and Other Literature | 4 | 20.00 | 200% | 150% | 150% |